| 000 | 01127nam0a22002771 4500 | ||
|---|---|---|---|
| 001 | rc\3271284 | ||
| 005 | 20130115144205.7 | ||
| 035 | _a(NLR Aleph) 007392772 | ||
| 090 |
_a6628484 _c6628484 |
||
| 100 | _a20130115d1970 |||y0rusy50 ca | ||
| 101 | 0 | _arus | |
| 102 | _aRU | ||
| 105 | _ay c ||||| | ||
| 200 | 1 |
_aВеликий, близкий и простой _eРек. указатель произведений В.И. Ленина и литературы о нем _e[На рус. с молдав. яз.] _eПо материалам печати МССР) _fМ-во культуры МССР. Гос. респ. б-ка МССР им. Н.К. Крупской |
|
| 210 |
_aКишинев _cКартя молдовеняскэ _d1970 |
||
| 215 |
_a94 с. _d16 |
||
| 300 | _aСост. указаны на обороте тит. л. | ||
| 700 | 1 |
_aЗавулан _bЕ. А. _4220 |
|
| 701 | 1 |
_aИонова _bЗ. _4220 |
|
| 702 | 1 |
_aЛенин _bВ. И. _f1870-1924 _gВладимир Ильич _4570 |
|
| 801 | 0 |
_aRU _bNLR _gpsbo |
|
| 801 | 1 |
_aRU _bELAR _2rusmarc |
|
| 852 |
_aNLR _bОНЛ |
||
| 942 | _cBOOK | ||
| 980 | _aNB | ||